| 000 | 00664nam a22002297a 4500 | ||
|---|---|---|---|
| 005 | 20170124110210.0 | ||
| 010 | _a619754 | ||
| 020 | _c00.00 | ||
| 035 | _a619754 | ||
| 037 | _bCen Lib/Ret | ||
| 040 |
_aDPL _bEN |
||
| 082 |
_a181.499 _bMET |
||
| 100 |
_aMethorst-Kuiper, A. J. G _938076 |
||
| 245 |
_aKrishnamurti / _cby A. J. G. Methorst-Kuiper |
||
| 260 |
_bChetana _aBombay |
||
| 270 |
_bBombay _a34, Rampart Row |
||
| 300 |
_a81p. _c16cm(Hb) |
||
| 500 | _aIncludes bibliographical references | ||
| 650 |
_aKrishnamurti, J. -- (Jiddu), -- 1895-1986 _938077 |
||
| 650 |
_aPhilosophy, Indic _938078 |
||
| 942 |
_2ddc _cEN _h181.499 _mMET |
||
| 999 |
_c133486 _d133486 |
||